| 000 | 00784nam a22002771 4500 | ||
|---|---|---|---|
| 001 | 007527 | ||
| 003 | DO-SdBNP | ||
| 005 | 20230504112130.0 | ||
| 007 | 007527 | ||
| 008 | 920725s1975 sp spa | ||
| 020 | _a8470805797 | ||
| 035 | _a | ||
| 040 |
_aBPMSU _bspa _cBPMSU |
||
| 080 | 0 | _a | |
| 082 | 4 |
_a843.78 _bH895t 1975 _222 |
|
| 100 | 1 |
_aHugo, Víctor _d1802-1885 |
|
| 245 | 1 | 4 |
_aLos tres hermanos / _cVíctor Hugo. Ilustraciones de Pilarín Bayés _h |
| 260 |
_aBarcelona : _bLa Gaya Ciencia, _c1975 |
||
| 300 |
_a177 p. ; _c19 cm. _b |
||
| 490 | 0 |
_aMoby Dick; _aBiblioteca de Bolsillo Junior _v 79 |
|
| 590 | _6Inventariado, 2023/VM | ||
| 650 | 4 | _aNovela francesa | |
| 700 | 1 |
_aBayés, Pilarín _d1941- |
|
| 910 | _aVMateo V. Control de calidad (BPMSU) | ||
| 942 |
_2ddc _cBK |
||
| 999 |
_c9427 _d9427 |
||